Court Of Appeal Election Petition Appeal No. 4 OF 2003 Kasaija John Abooki Vs Electoral Commission (Record no. 4154)

MARC details
000 -LEADER
fixed length control field 00694nam a22001217a 4500
008 - FIXED-LENGTH DATA ELEMENTS--GENERAL INFORMATION
fixed length control field 110628t xxu||||| |||| 00| 0 eng d
010 ## - LIBRARY OF CONGRESS CONTROL NUMBER
LC control number CAEPAF127
245 ## - TITLE STATEMENT
Title Court Of Appeal Election Petition Appeal No. 4 OF 2003 Kasaija John Abooki Vs Electoral Commission
260 ## - PUBLICATION, DISTRIBUTION, ETC. (IMPRINT)
Date of publication, distribution, etc 2003
500 ## - GENERAL NOTE
General note CORAM: HON. JUSTICE G.M. OKELLO, JA<br/> HON. JUSTICE A.E.N. MPAGI-BAHIGEINE, JA<br/> HON. JUSTICE A. TWINOMUJUNI, JA
500 ## - GENERAL NOTE
General note Appeal from the decision of the High Court (Kagaba J) dated 8/9/22003 in Election Petition Appeal No. 20 of 2002 from Election Petition No. 1 of 2002
Holdings
Withdrawn status Lost status Source of classification or shelving scheme Damaged status Koha normalized classification for sorting Not for loan Location (home branch) Sublocation or collection (holding branch) Shelving location Date acquired Koha issues (times borrowed) Koha full call number Piece designation (barcode) Koha date last seen Price effective from Koha item type
    Dewey Decimal Classification   CAEPAF__127   Law Development Centre Main Library Law Development Centre Main Library Law Reports 06/28/2011   CAEPAF_127 4/2003/1 06/28/2011 06/28/2011 Un Reported Cases